000 00315nam a22001457a 4500
008 210430b ||||| |||| 00| 0 eng d
020 _a2900312676093
041 _aeng
080 _a37
082 _a37
100 _a46
101 _aEDU
245 _aSuccessful College Writing
_cWhorte,K.T
942 _2udc
_cBK
999 _c57070
_d57070